000 00476nam a2200145 i 4500
001 170044
003 ES-MaACL
005 20230906214254.0
008 090119s1886 cl |||| | spa d
245 0 0 _aSinopsis estadística y geográfica de Chile en 1885 /
_cOficina Central de Estadística.
260 _aSantiago de Chile :
_b[s.n.],
_c1886 (
_fImprenta Nacional)
300 _a49 p. ;
_c22 cm.
651 4 _aChile-
_xDescripción.
_9143280
852 _aES-MaACL
_jT-435-F-17
999 _c170044
_d170044